000
00320nam a22001457a 4500
008
210308b ||||| |||| 00| 0 eng d
020
_a
1269358057
041
_a
eng
080
_a
338
082
_a
338
100
_a
53
101
_a
MEN
245
_a
Principles of Operations Management
_c
Heizer,J
942
_2
udc
_c
BK
999
_c
55992
_d
55992